Guía para realizar investigaciones sociales
Guardat en:
| Autor principal: | |
|---|---|
| Format: | Llibre |
| Idioma: | espanyol |
| Publicat: |
Ciudad de México
Plaza y Valdés
1995
|
| Edició: | 15a. ed |
| Matèries: | |
| Etiquetes: |
Afegir etiqueta
Sense etiquetes, Sigues el primer a etiquetar aquest registre!
|
MARC
| LEADER | 00000nam a2200000 a 4500 | ||
|---|---|---|---|
| 001 | UCT7240 | ||
| 003 | CL-VaPUC | ||
| 008 | 970117e19950000MX |||||||||||||||||spa|d | ||
| 082 | 0 | 4 | |a 300.72 |b ROJ |2 21 |
| 100 | 0 | |a Rojas Soriano, Raúl |e author |9 378151 | |
| 245 | 1 | 0 | |a Guía para realizar investigaciones sociales |
| 250 | |a 15a. ed | ||
| 300 | |a 286 p | ||
| 942 | |c BK | ||
| 945 | |d 19970117 00:00:00 |a rbrito | ||
| 260 | |a Ciudad de México |b Plaza y Valdés |c 1995 | ||
| 650 | 0 | |a Ciencias sociales |v Investigación |9 307767 | |
| 650 | 0 | |a Investigación social |9 307814 | |
| 650 | 7 | |a ESTADISTICAS SOCIALES |2 CL-VaPUC |9 378152 | |
| 650 | 0 | |a Ciencias sociales |9 256351 | |
| 583 | |a last modification |c 19970117 00:00:00 |k Rodrigo Vera | ||
| 999 | |c 255895 |d 255893 | ||
| 952 | |0 0 |1 0 |4 0 |6 300_720000000000000_ROJ_1995 |7 0 |8 A |9 278366 |a BIBHIS |b BIBHIS |d 2019-11-19 |i 3282600 |o 300.72 ROJ 1995 |p 3282600 |r 2025-01-20 |w 2019-11-19 |y BK |k HIS | ||